[Event "TCh-FRA Top 12 2015"]
[Site "Montpellier FRA"]
[Date "2015.06.04"]
[Round "6.1"]
[Board "8"]
[White "Congiu, Mathilde"]
[Black "Touzane, Olivier"]
[Result "0-1"]
[WhiteTitle "WIM"]
[BlackTitle "IM"]
[WhiteElo "2259"]
[BlackElo "2339"]
[WhiteTeam "C-E BOIS-COLOMBES"]
[BlackTeam "MONTPELLIER"]
[WhiteFideId "634581"]
[BlackFideId "602906"]
[EventDate "2015.05.30"]

1. e4 e6 2. d4 d5 3. Nd2 Nf6 4. e5 Nfd7 5. Bd3 c5 6. c3 Nc6 7. Ngf3 f6 8. O-O
fxe5 9. Nxe5 Ndxe5 10. dxe5 Nxe5 11. Qh5+ Nf7 12. Re1 Be7 13. Nf3 g6 14. Qg4 e5
15. Bb5+ Kf8 16. Qg3 e4 17. Ne5 Bh4 18. Nxf7 Kxf7 19. Qe3 Qd6 20. b3 Bf5 21. Ba3
Be7 22. Rad1 Qb6 23. Be2 Rad8 24. Bb2 h5 25. Bf1 Bf6 26. Qf4 Qd6 27. Qd2 Kg7 28.
Bc4 d4 29. cxd4 cxd4 30. Qa5 Qb6 31. Qa3 Rhe8 32. Bc1 e3 33. fxe3 dxe3 34. Be2
Bg4 35. Rxd8 Qxd8 36. Bxg4 hxg4 37. Bb2 Qd2 38. Bxf6+ Kxf6 39. Qc1 Qxc1 40. Rxc1
Rd8 41. Kf1 Ke5 42. Rc7 Ke4 43. Re7+ Kd3 44. Ke1 Rh8 45. Rd7+ Ke4 46. Re7+ Kf4
47. Rf7+ Kg5 48. Kf1 Rxh2 49. Rxb7 e2+ 50. Kxe2 Rxg2+ 51. Kf1 Rxa2 52. Kg1 Kh4
53. Rc7 Kh3 54. Rc1 g3 55. Rb1 Rg2+ 56. Kh1 Rh2+ 57. Kg1 g2 58. Kf2 Rh1 59. Rg1
Rxg1 0-1

[Event "TCh-FRA Top 12 2015"]
[Site "Montpellier FRA"]
[Date "2015.06.04"]
[Round "6.2"]
[Board "1"]
[White "Dorfman, Iossif"]
[Black "Sanikidze, Tornike"]
[Result "1/2-1/2"]
[WhiteTitle "GM"]
[BlackTitle "GM"]
[WhiteElo "2574"]
[BlackElo "2515"]
[WhiteTeam "GRASSE ECHECS"]
[BlackTeam "C.E. STRASBOURG"]
[WhiteFideId "604011"]
[BlackFideId "13602608"]
[EventDate "2015.05.30"]

1. d4 d5 2. c4 e6 3. Nf3 Nf6 4. Nc3 Bb4 5. cxd5 exd5 6. Bf4 c5 7. g3 Ne4 8. Rc1
Nc6 9. Bg2 Bf5 10. O-O Nxc3 11. bxc3 Ba3 12. Qb3 Bxc1 13. Rxc1 O-O 14. Qxb7 Qb6
15. Qxb6 axb6 16. Bd6 Rfc8 17. dxc5 bxc5 18. Bxc5 Rxa2 19. Nd4 Be4 20. Bh3 Nxd4
21. Bxd4 Rb8 22. f3 Rb1 23. Rxb1 Bxb1 24. Bf1 Bc2 25. g4 Bd1 26. Kf2 Bb3 27. h4
g6 28. g5 Kf8 29. f4 Ke7 30. Bh3 Kd6 31. Bg4 Bc4 32. h5 Bd3 33. hxg6 hxg6 34.
Ke3 Bc4 35. Be5+ Kc5 36. Bg7 Kc6 37. Bf8 Ra8 38. Bg7 Ra2 39. Bf8 Ra8 40. Bg7 Ra2 1/2-1/2

[Event "TCh-FRA Top 12 2015"]
[Site "Montpellier FRA"]
[Date "2015.06.04"]
[Round "6.2"]
[Board "2"]
[White "Doettling, Fabian"]
[Black "Sasikiran, Krishnan"]
[Result "1/2-1/2"]
[WhiteTitle "GM"]
[BlackTitle "GM"]
[WhiteElo "2588"]
[BlackElo "2642"]
[WhiteTeam "C.E. STRASBOURG"]
[BlackTeam "GRASSE ECHECS"]
[WhiteFideId "4627253"]
[BlackFideId "5004985"]
[EventDate "2015.05.30"]

1. d4 Nf6 2. Nf3 g6 3. c4 Bg7 4. Nc3 O-O 5. e4 d6 6. Be2 e5 7. O-O Nc6 8. dxe5
Nxe5 9. Bf4 Nc6 10. Qc2 Re8 11. Rfe1 Bd7 12. Rad1 Qc8 13. h3 Nb4 14. Qb1 a5 15.
Bf1 a4 16. Nd4 1/2-1/2

[Event "TCh-FRA Top 12 2015"]
[Site "Montpellier FRA"]
[Date "2015.06.04"]
[Round "6.2"]
[Board "3"]
[White "Michiels, Bart"]
[Black "Sebag, Marie"]
[Result "1/2-1/2"]
[WhiteTitle "GM"]
[BlackTitle "GM"]
[WhiteElo "2536"]
[BlackElo "2483"]
[WhiteTeam "GRASSE ECHECS"]
[BlackTeam "C.E. STRASBOURG"]
[WhiteFideId "202967"]
[BlackFideId "617822"]
[EventDate "2015.05.30"]

1. d4 d5 2. c4 c6 3. Nf3 Nf6 4. e3 Bf5 5. Nc3 e6 6. Nh4 Be4 7. f3 Bg6 8. Qb3 Qc7
9. Bd2 Be7 10. Nxg6 hxg6 11. g3 Nbd7 12. cxd5 Nxd5 13. Kf2 Qb6 14. Bc4 Rd8 15.
Rad1 g5 16. Kg2 Qc7 17. e4 N5b6 18. Be2 e5 19. Be3 exd4 20. Bxd4 Nc5 21. Qc2 Ne6
22. Be3 Qe5 23. Rxd8+ Bxd8 24. Rd1 Bc7 25. Bg1 Bd6 26. Qd2 Ke7 27. Bf1 Bc5 28.
Bxc5+ Qxc5 29. Qe1 Qe5 30. Qf2 Rd8 31. Rxd8 Kxd8 32. Qd2+ Ke7 33. Kf2 g6 34. Be2
Qh8 35. Kg2 Qe5 36. Kf2 Qh8 37. Kg2 Qe5 1/2-1/2

[Event "TCh-FRA Top 12 2015"]
[Site "Montpellier FRA"]
[Date "2015.06.04"]
[Round "6.2"]
[Board "4"]
[White "Nataf, Igor-Alexandre"]
[Black "Apicella, Manuel"]
[Result "1/2-1/2"]
[WhiteTitle "GM"]
[BlackTitle "GM"]
[WhiteElo "2534"]
[BlackElo "2510"]
[WhiteTeam "C.E. STRASBOURG"]
[BlackTeam "GRASSE ECHECS"]
[WhiteFideId "605492"]
[BlackFideId "600164"]
[EventDate "2015.05.30"]

1. e4 e6 2. d4 d5 3. Nc3 Bb4 4. exd5 exd5 5. Bd3 Nc6 6. a3 Bxc3+ 7. bxc3 Nf6 8.
Ne2 O-O 9. O-O Bg4 10. f3 Bh5 11. Nf4 Bg6 12. Nxg6 hxg6 13. g4 Ne8 14. Qe1 Nd6
15. h4 Qd7 16. h5 gxh5 17. Qh4 f5 18. Qxh5 Qf7 19. Qxf7+ Rxf7 20. Bf4 fxg4 21.
Bxd6 1/2-1/2

[Event "TCh-FRA Top 12 2015"]
[Site "Montpellier FRA"]
[Date "2015.06.04"]
[Round "6.2"]
[Board "5"]
[White "Szabo, Krisztian1"]
[Black "Vaisser, Anatoly"]
[Result "1/2-1/2"]
[WhiteTitle "GM"]
[BlackTitle "GM"]
[WhiteElo "2518"]
[BlackElo "2530"]
[WhiteTeam "GRASSE ECHECS"]
[BlackTeam "C.E. STRASBOURG"]
[WhiteFideId "722901"]
[BlackFideId "603252"]
[EventDate "2015.05.30"]

1. e4 e6 2. d4 d5 3. Nc3 Nf6 4. e5 Nfd7 5. f4 c5 6. Nf3 Nc6 7. Be3 a6 8. Qd2 b5
9. Nd1 Qb6 10. Be2 b4 11. c4 bxc3 12. Nxc3 Rb8 13. b3 Qa5 14. Rc1 cxd4 15. Nxd4
Nxd4 16. Bxd4 Ba3 17. Rc2 O-O 18. Na4 Bb4 19. Bc3 f6 20. Bg4 fxe5 21. Bxe6+ Kh8
22. Bxb4 Qxb4 23. Qxb4 Rxb4 24. fxe5 Re4+ 25. Re2 Nxe5 26. Rxe4 dxe4 27. Bxc8
Rxc8 28. Kd2 Ng4 29. h3 e3+ 30. Ke2 Rc2+ 31. Kf3 Nf6 32. Kxe3 1/2-1/2

[Event "TCh-FRA Top 12 2015"]
[Site "Montpellier FRA"]
[Date "2015.06.04"]
[Round "6.2"]
[Board "6"]
[White "Rozentalis, Eduardas"]
[Black "Llanes Hurtado, Miguel"]
[Result "1/2-1/2"]
[WhiteTitle "GM"]
[BlackTitle "GM"]
[WhiteElo "2529"]
[BlackElo "2444"]
[WhiteTeam "C.E. STRASBOURG"]
[BlackTeam "GRASSE ECHECS"]
[WhiteFideId "12800023"]
[BlackFideId "2206706"]
[EventDate "2015.05.30"]

1. e4 c5 2. Nf3 e6 3. c3 d5 4. exd5 Qxd5 5. d4 Nf6 6. Bd3 Be7 7. O-O O-O 8. Qe2
Nc6 9. dxc5 Rd8 10. Rd1 Qxc5 11. Bg5 h6 12. Bh4 a6 13. Nbd2 Bd7 14. Rac1 b5 15.
b4 Qa7 16. Ne4 Nd5 17. Bxe7 Ncxe7 18. Bb1 Ng6 19. Nc5 Nf8 20. Nd4 Be8 21. h3 Rd6
22. Qf3 Nf6 23. a3 Rad8 24. Re1 Rd5 25. Ba2 Rxc5 26. bxc5 Qxc5 27. Ra1 Rc8 28.
Rec1 Ng6 29. Qe3 Nd5 30. Bxd5 1/2-1/2

[Event "TCh-FRA Top 12 2015"]
[Site "Montpellier FRA"]
[Date "2015.06.04"]
[Round "6.2"]
[Board "7"]
[White "Pile, Richard"]
[Black "Vitoux, Colomban"]
[Result "1/2-1/2"]
[WhiteTitle "IM"]
[BlackTitle "IM"]
[WhiteElo "2430"]
[BlackElo "2391"]
[WhiteTeam "GRASSE ECHECS"]
[BlackTeam "C.E. STRASBOURG"]
[WhiteFideId "624110"]
[BlackFideId "628549"]
[EventDate "2015.05.30"]

1. e4 c5 2. Nf3 Nc6 3. d4 cxd4 4. Nxd4 g6 5. c4 Bg7 6. Be3 Nf6 7. Nc3 O-O 8. Be2
d6 9. Qd2 Ng4 10. Bxg4 Bxg4 11. O-O Qa5 12. Rac1 Rfc8 13. Nxc6 Rxc6 14. b3 Be6
15. f4 f5 16. exf5 Bxf5 17. Rfe1 e6 18. Bd4 e5 19. Be3 Re8 20. fxe5 Bxe5 21. Bd4
Rcc8 22. Bxe5 Rxe5 23. h3 Rce8 24. Rxe5 Qxe5 25. Nd5 Kg7 26. Rf1 a6 27. a4 h5
28. Kh1 Be4 1/2-1/2

[Event "TCh-FRA Top 12 2015"]
[Site "Montpellier FRA"]
[Date "2015.06.04"]
[Round "6.2"]
[Board "8"]
[White "Roos, Louis"]
[Black "Forestier, Carole"]
[Result "1-0"]
[WhiteTitle "IM"]
[WhiteElo "2370"]
[BlackElo "2072"]
[WhiteTeam "C.E. STRASBOURG"]
[BlackTeam "GRASSE ECHECS"]
[WhiteFideId "600288"]
[BlackFideId "641405"]
[EventDate "2015.05.30"]

1. e4 e6 2. d4 d5 3. e5 c5 4. c3 Qb6 5. Nf3 Nc6 6. a3 Bd7 7. Be2 Rc8 8. dxc5
Bxc5 9. O-O a6 10. b4 Be7 11. c4 dxc4 12. Nbd2 Nd4 13. Nxc4 Nxe2+ 14. Qxe2 Qc7
15. Nd6+ Bxd6 16. exd6 Qxd6 17. Rd1 Qe7 18. Be3 f6 19. Bc5 Qf7 20. Rd6 Ne7 21.
Qd2 Bc6 22. Nd4 Bd5 23. Re1 Qg6 24. Rxd5 Nxd5 25. Nxe6 Ne7 26. Bxe7 Qc2 27. Qd5
Kf7 28. Nf8+ Ke8 29. Qd7+ Kf7 30. Bc5+ 1-0

[Event "TCh-FRA Top 12 2015"]
[Site "Montpellier FRA"]
[Date "2015.06.04"]
[Round "6.3"]
[Board "1"]
[White "Salgado Lopez, Ivan"]
[Black "Demuth, Adrien"]
[Result "1-0"]
[WhiteTitle "GM"]
[BlackTitle "IM"]
[WhiteElo "2616"]
[BlackElo "2515"]
[WhiteTeam "L'ECHIQUIER CHALONNAIS"]
[BlackTeam "POITIERS-MIGNE"]
[WhiteFideId "2257327"]
[BlackFideId "642274"]
[EventDate "2015.05.30"]

1. e4 c5 2. Nf3 d6 3. d4 cxd4 4. Nxd4 Nf6 5. Nc3 Nc6 6. Bg5 e6 7. Qd2 a6 8.
O-O-O Nxd4 9. Qxd4 Be7 10. h4 Qc7 11. f3 O-O 12. Qd2 b5 13. Bd3 Bb7 14. Kb1 Rfc8
15. Ne2 d5 16. e5 Ne4 17. Qe3 Bc5 18. Nd4 Qb6 19. fxe4 Bxd4 20. Qg3 dxe4 21. Bf6
g6 22. Be2 Bd5 23. h5 Bf2 24. Qg4 Qc7 25. c3 Ra7 26. hxg6 fxg6 27. Rxd5 exd5 28.
Qe6+ Kf8 29. Bg5 Qc6 30. Bh6+ 1-0

[Event "TCh-FRA Top 12 2015"]
[Site "Montpellier FRA"]
[Date "2015.06.04"]
[Round "6.3"]
[Board "2"]
[White "Tranchant, Sebastien"]
[Black "Sokolov, Ivan"]
[Result "1/2-1/2"]
[BlackTitle "GM"]
[WhiteElo "2275"]
[BlackElo "2623"]
[WhiteTeam "POITIERS-MIGNE"]
[BlackTeam "L'ECHIQUIER CHALONNAIS"]
[WhiteFideId "626732"]
[BlackFideId "14400030"]
[EventDate "2015.05.30"]

1. d4 Nf6 2. c4 e6 3. Nc3 Bb4 4. e3 O-O 5. Ne2 Re8 6. a3 Bf8 7. Ng3 d5 8. Be2 g6
9. O-O h5 10. f3 c5 11. dxc5 h4 12. Nh1 Bxc5 13. b4 Bd6 14. Bb2 Nc6 15. Nf2 Bf8
16. Re1 Bg7 17. Qb3 d4 18. Rad1 e5 19. Nb5 Nh5 20. c5 Rf8 21. Bc4 h3 22. g4 Qh4
23. gxh5 Qg5+ 24. Kf1 e4 25. hxg6 exf3 26. gxf7+ Kh8 27. Re2 Qg2+ 28. Ke1 fxe2
29. Bxe2 Ne5 30. Rxd4 Rxf7 31. Rh4+ Kg8 32. Rf4 Qg6 33. Bxe5 Bxe5 34. Rxf7 Be6
35. Bc4 Kxf7 36. Nxh3 Re8 37. Nf2 Qg1+ 38. Ke2 Qxh2 39. Qd3 Qh5+ 40. Kd2 Kf8 41.
Bxe6 Rxe6 42. Qd5 Re7 43. Ne4 Qh2+ 44. Kd3 Qb2 45. Ned6 a6 46. Qf3+ Bf6 47. Nd4
Qxa3+ 48. Kc4 Qa2+ 49. Kd3 Qb1+ 50. Kc4 Qg6 51. b5 axb5+ 52. Kxb5 Qd3+ 53. Kb4
Qb1+ 54. Kc4 Qc1+ 55. Kb4 Qb1+ 56. Kc4 Qg6 57. Kb5 Qb1+ 1/2-1/2

[Event "TCh-FRA Top 12 2015"]
[Site "Montpellier FRA"]
[Date "2015.06.04"]
[Round "6.3"]
[Board "3"]
[White "Krasenkow, Michal"]
[Black "Saada, Julien"]
[Result "1-0"]
[WhiteTitle "GM"]
[BlackTitle "FM"]
[WhiteElo "2610"]
[BlackElo "2296"]
[WhiteTeam "L'ECHIQUIER CHALONNAIS"]
[BlackTeam "POITIERS-MIGNE"]
[WhiteFideId "1113100"]
[BlackFideId "625388"]
[EventDate "2015.05.30"]

1. Nf3 d5 2. d4 Nf6 3. c4 e6 4. Nc3 Nbd7 5. Bg5 c6 6. e3 Qa5 7. Nd2 dxc4 8. Bxf6
Nxf6 9. Nxc4 Qc7 10. g3 Nd5 11. Bg2 Be7 12. O-O O-O 13. Rc1 Rd8 14. Qb3 Bd7 15.
Ne5 Qb6 16. Qc2 Be8 17. Na4 Qc7 18. Rfd1 Rac8 19. Nd3 Nb6 20. Nac5 Nd7 21. Nb3
Qb8 22. Qe2 e5 23. Bh3 exd4 24. Nxd4 Rc7 25. e4 Nf8 26. Nf4 Bf6 27. Nf3 g6 28.
e5 Rxd1+ 29. Qxd1 Be7 30. Qb3 Kg7 31. Qc3 Bd7 32. Bf1 Ne6 33. Nd4 Nxf4 34. gxf4
c5 35. f5 Bg5 36. f6+ Kg8 37. Rc2 Rc8 38. Nb5 Re8 39. Nd6 Rf8 40. Qg3 Re8 1-0

[Event "TCh-FRA Top 12 2015"]
[Site "Montpellier FRA"]
[Date "2015.06.04"]
[Round "6.3"]
[Board "4"]
[White "Bedouin, Xavier"]
[Black "Cossin, Sebastien"]
[Result "1/2-1/2"]
[WhiteTitle "IM"]
[BlackTitle "IM"]
[WhiteElo "2336"]
[BlackElo "2516"]
[WhiteTeam "POITIERS-MIGNE"]
[BlackTeam "L'ECHIQUIER CHALONNAIS"]
[WhiteFideId "617040"]
[BlackFideId "618802"]
[EventDate "2015.05.30"]

1. e4 c5 2. c3 d5 3. exd5 Qxd5 4. d4 Nc6 5. Nf3 Bg4 6. Be2 cxd4 7. cxd4 e6 8.
Nc3 Qa5 9. h3 Bh5 10. d5 exd5 11. Nd4 Bxe2 12. Qxe2+ Be7 13. Nxc6 bxc6 14. O-O
Rd8 15. Bd2 d4 16. Ne4 Qd5 17. Rfe1 Kf8 18. Qa6 h5 19. Rac1 h4 20. Rxc6 Rh5 21.
b4 Re5 22. f3 Nf6 23. Nxf6 Rxe1+ 24. Bxe1 Bxf6 25. Bd2 d3 26. Rc8 Bd4+ 27. Kf1
Bb6 28. Rxd8+ Qxd8 29. Qc4 Qd6 30. Bf4 Qd7 31. Ke1 Kg8 32. Kd2 Qf5 33. Qe4 Qf6
34. Kxd3 Qb2 35. Bd2 Qxa2 36. Qe8+ Kh7 37. Qe4+ Kg8 38. Qxh4 Qd5+ 39. Kc2 Qa2+
40. Kd3 Qd5+ 41. Ke2 Qb5+ 42. Ke1 Qe5+ 43. Kf1 Qb5+ 44. Ke1 Qe5+ 45. Kd1 Qa1+
46. Ke2 Qa6+ 1/2-1/2

[Event "TCh-FRA Top 12 2015"]
[Site "Montpellier FRA"]
[Date "2015.06.04"]
[Round "6.3"]
[Board "5"]
[White "Favarel, Antoine"]
[Black "Pel, Bonno"]
[Result "1-0"]
[WhiteTitle "FM"]
[BlackTitle "FM"]
[WhiteElo "2374"]
[BlackElo "2287"]
[WhiteTeam "L'ECHIQUIER CHALONNAIS"]
[BlackTeam "POITIERS-MIGNE"]
[WhiteFideId "642371"]
[BlackFideId "1004760"]
[EventDate "2015.05.30"]

1. d4 d6 2. Nf3 g6 3. c4 Bg7 4. g3 e5 5. Nc3 Nc6 6. dxe5 Nxe5 7. Nxe5 Bxe5 8.
Bg2 Ne7 9. O-O O-O 10. Bg5 Be6 11. Qd3 Qd7 12. Rad1 c6 13. b3 Rad8 14. Rfe1 Qc7
15. h3 a6 16. Rc1 Bf5 17. e4 Bc8 18. Be3 f5 19. Bh6 Bg7 20. Bxg7 Kxg7 21. f4
fxe4 22. Nxe4 Bf5 23. Qd4+ Kf7 24. Nf6 h6 25. g4 Bc8 26. Re2 Ng8 27. Nd5 Qd7 28.
Rce1 Rfe8 29. Ne3 Kf8 30. Qd3 Qg7 31. Rf1 Ne7 32. Ref2 Kg8 33. f5 gxf5 34. gxf5
Qg5 35. f6 Kh8 1-0

[Event "TCh-FRA Top 12 2015"]
[Site "Montpellier FRA"]
[Date "2015.06.04"]
[Round "6.3"]
[Board "6"]
[White "Picard, Romain"]
[Black "Velten, Paul"]
[Result "0-1"]
[WhiteTitle "IM"]
[BlackTitle "IM"]
[WhiteElo "2368"]
[BlackElo "2457"]
[WhiteTeam "POITIERS-MIGNE"]
[BlackTeam "L'ECHIQUIER CHALONNAIS"]
[WhiteFideId "627216"]
[BlackFideId "681091"]
[EventDate "2015.05.30"]

1. e4 c6 2. d4 d5 3. Nd2 dxe4 4. Nxe4 Nf6 5. Nxf6+ gxf6 6. c3 Rg8 7. Nf3 Qd5 8.
g3 Bg4 9. Bg2 Nd7 10. h3 Qe6+ 11. Qe2 Qxe2+ 12. Kxe2 Be6 13. Rd1 Bc4+ 14. Ke1 e6
15. Bf4 Bd5 16. Nh4 Be7 17. Bf1 f5 18. Ng2 Bf3 19. Rd2 Nf6 20. Rc2 Nd5 21. Bd2
h5 22. Nf4 h4 23. Nxd5 Bxd5 24. Bf4 Bg5 25. Bxg5 Rxg5 26. c4 Bh1 27. Rc3 O-O-O
28. Rd1 Rdg8 29. Rdd3 hxg3 30. Rxg3 f4 31. Rxg5 Rxg5 32. Be2 Rg1+ 33. Kd2 Be4
34. Bf3 Bf5 35. h4 Rb1 36. Rb3 Kc7 37. c5 f6 38. a3 b5 39. cxb6+ axb6 40. Rb4
Rf1 41. Ke2 Rc1 42. Kd2 Rc2+ 43. Ke1 b5 44. Bd1 Rc1 45. Kd2 Rb1 46. h5 Kd6 47.
h6 e5 48. dxe5+ fxe5 49. f3 Kd5 50. Bb3+ Kc5 51. Bd1 Kb6 52. Rb3 Ka5 53. Ke2 c5
54. Kd2 b4 55. axb4+ cxb4 56. Bc2 Bxc2 57. Kxc2 Rh1 58. Rd3 Ka4 59. Rd6 Rh2+ 60.
Kd3 Rxb2 61. h7 Rh2 62. Rd7 Kb3 63. Rg7 Rh3 64. Ke4 Rh5 65. Kd3 Kb2 66. Kc4 b3
67. Rb7 Kc2 68. Rxb3 Rxh7 69. Ra3 Rd7 70. Ra5 Rd4+ 71. Kc5 0-1

[Event "TCh-FRA Top 12 2015"]
[Site "Montpellier FRA"]
[Date "2015.06.04"]
[Round "6.3"]
[Board "7"]
[White "Dourerassou, Jonathan"]
[Black "Picard, Clement"]
[Result "1-0"]
[WhiteTitle "IM"]
[WhiteElo "2414"]
[BlackElo "2180"]
[WhiteTeam "L'ECHIQUIER CHALONNAIS"]
[BlackTeam "POITIERS-MIGNE"]
[WhiteFideId "628050"]
[BlackFideId "615455"]
[EventDate "2015.05.30"]

1. e4 e6 2. d4 d5 3. Nc3 Be7 4. e5 b6 5. Qg4 g6 6. Nf3 h5 7. Qg3 Nh6 8. Bg5 Nf5
9. Qf4 Nxd4 10. Qxd4 Bxg5 11. Nxg5 Qxg5 12. Nb5 Na6 13. h4 Qg4 14. Qxg4 hxg4 15.
a4 Ke7 16. a5 Bb7 17. Ra4 Rh5 18. Rxg4 Rxe5+ 19. Kd2 c6 20. Nd4 Rc8 21. axb6
axb6 22. Bxa6 Bxa6 23. Ra1 Bb5 24. Ra7+ Kf8 25. Rf4 f5 26. Rf3 Re4 27. c3 Rxh4
28. Nxf5 exf5 29. Rg7 1-0

[Event "TCh-FRA Top 12 2015"]
[Site "Montpellier FRA"]
[Date "2015.06.04"]
[Round "6.3"]
[Board "8"]
[White "Leriche, Ines"]
[Black "De Seroux, Camille"]
[Result "1-0"]
[BlackTitle "WFM"]
[WhiteElo "1990"]
[BlackElo "2115"]
[WhiteTeam "POITIERS-MIGNE"]
[BlackTeam "L'ECHIQUIER CHALONNAIS"]
[WhiteFideId "684090"]
[BlackFideId "1305620"]
[EventDate "2015.05.30"]

1. d4 Nf6 2. c4 g6 3. Nc3 Bg7 4. e4 d6 5. Nf3 O-O 6. h3 e5 7. d5 a5 8. Bg5 Na6
9. Be2 Qe8 10. Nd2 Nd7 11. g4 Ndc5 12. a3 a4 13. h4 f6 14. Be3 f5 15. gxf5 gxf5
16. Rg1 Kh8 17. Qc2 fxe4 18. Ncxe4 Bf5 19. Bf3 c6 20. Qc3 cxd5 21. cxd5 Rd8 22.
Bg5 Rd7 23. Qe3 Bg6 24. Bg4 Bf5 25. Be2 Qf7 26. Bb5 Nxe4 27. Nxe4 Bxe4 28. Bxd7
Bxd5 29. Bxa4 Qc7 30. b4 Rf3 31. Qd2 Qf7 32. Rc1 Be6 33. Rc3 e4 34. Rxf3 Qxf3
35. Be3 Nc7 36. Bd4 Bf6 37. Qb2 Nd5 38. Bb3 e3 39. Bxf6+ Nxf6 40. Bxe6 exf2+ 41.
Qxf2 Qe4+ 42. Qe2 Qxh4+ 43. Kf1 Qf4+ 44. Qf2 Qc1+ 45. Kg2 Qg5+ 46. Qg3 Qd2+ 47.
Kh1 Qh6+ 48. Bh3 d5 49. Qb8+ 1-0

[Event "TCh-FRA Top 12 2015"]
[Site "Montpellier FRA"]
[Date "2015.06.04"]
[Round "6.4"]
[Board "1"]
[White "Riazantsev, Alexander"]
[Black "Navara, David"]
[Result "1-0"]
[WhiteTitle "GM"]
[BlackTitle "GM"]
[WhiteElo "2671"]
[BlackElo "2751"]
[WhiteTeam "METZ FISCHER"]
[BlackTeam "MULHOUSE PHILIDOR"]
[WhiteFideId "4125029"]
[BlackFideId "309095"]
[EventDate "2015.05.30"]

1. d4 Nf6 2. c4 g6 3. Nc3 d5 4. cxd5 Nxd5 5. e4 Nxc3 6. bxc3 Bg7 7. Qa4+ Nd7 8.
Nf3 O-O 9. Be2 c5 10. O-O Nb6 11. Qa3 cxd4 12. cxd4 Bg4 13. Rd1 Bxf3 14. gxf3
Bxd4 15. Bg5 Bxa1 16. Rxd8 Rfxd8 17. Qxe7 Rd7 18. Qa3 Bd4 19. Bb5 Rc7 20. Qd6
Rc5 21. h4 Bxf2+ 22. Kxf2 Rxb5 23. Qd4 Rxg5 24. hxg5 Rc8 25. f4 Rc2+ 26. Kg3
Rxa2 27. f5 gxf5 28. Qd8+ Kg7 29. exf5 Ra4 30. Qf6+ Kg8 31. Qd8+ Kg7 32. Qd3 h5
33. Kh3 Rg4 34. Qd8 Nc4 35. Qf6+ Kg8 36. g6 fxg6 37. Qe6+ Kh7 38. f6 Nd2 39.
Qe7+ 1-0

[Event "TCh-FRA Top 12 2015"]
[Site "Montpellier FRA"]
[Date "2015.06.04"]
[Round "6.4"]
[Board "2"]
[White "Gajewski, Grzegorz"]
[Black "Postny, Evgeny"]
[Result "1-0"]
[WhiteTitle "GM"]
[BlackTitle "GM"]
[WhiteElo "2648"]
[BlackElo "2630"]
[WhiteTeam "MULHOUSE PHILIDOR"]
[BlackTeam "METZ FISCHER"]
[WhiteFideId "1116207"]
[BlackFideId "2804344"]
[EventDate "2015.05.30"]

1. c4 c6 2. Nf3 d5 3. e3 Nf6 4. Nc3 a6 5. Qc2 g6 6. d4 Bf5 7. Bd3 Bxd3 8. Qxd3
Bg7 9. O-O O-O 10. e4 dxe4 11. Nxe4 Nxe4 12. Qxe4 Nd7 13. Bf4 Re8 14. Rfe1 Qc8
15. Qc2 b5 16. Rac1 Qb7 17. Qb3 e6 18. Bd6 Rad8 19. a4 Nb6 20. Be5 bxa4 21. Qb4
f6 22. Bg3 Rd7 23. c5 Nd5 24. Qxa4 Nb4 25. Ra1 Qb5 26. Re3 a5 27. Qxb5 cxb5 28.
Rxa5 Nc6 29. Rxb5 Nxd4 30. Nxd4 Rxd4 31. Re1 e5 32. f3 Rd2 33. Bf4 Rc2 34. Rc1
Re2 35. Be3 Rxe3 36. c6 Bh6 37. c7 Kf7 38. Rb8 1-0

[Event "TCh-FRA Top 12 2015"]
[Site "Montpellier FRA"]
[Date "2015.06.04"]
[Round "6.4"]
[Board "3"]
[White "Iordachescu, Viorel"]
[Black "Wojtaszek, Radoslaw"]
[Result "1/2-1/2"]
[WhiteTitle "GM"]
[BlackTitle "GM"]
[WhiteElo "2588"]
[BlackElo "2746"]
[WhiteTeam "METZ FISCHER"]
[BlackTeam "MULHOUSE PHILIDOR"]
[WhiteFideId "13900200"]
[BlackFideId "1118358"]
[EventDate "2015.05.30"]

1. e4 c5 2. Nf3 d6 3. Bb5+ Bd7 4. Bxd7+ Qxd7 5. c4 Nf6 6. Nc3 g6 7. d4 cxd4 8.
Nxd4 Bg7 9. f3 Qc7 10. b3 Qa5 11. Bd2 Nc6 12. Nde2 O-O 13. O-O a6 14. Kh1 Rac8
15. Rb1 e6 16. a4 Qc5 17. Be1 Rfd8 18. Bh4 h6 19. Rc1 Qh5 20. Bf2 Qa5 21. Be1
Qb6 22. Bf2 Qa5 23. Be1 Qb6 1/2-1/2

[Event "TCh-FRA Top 12 2015"]
[Site "Montpellier FRA"]
[Date "2015.06.04"]
[Round "6.4"]
[Board "4"]
[White "Degraeve, Jean-Marc"]
[Black "Wirig, Anthony"]
[Result "1/2-1/2"]
[WhiteTitle "GM"]
[BlackTitle "GM"]
[WhiteElo "2555"]
[BlackElo "2496"]
[WhiteTeam "MULHOUSE PHILIDOR"]
[BlackTeam "METZ FISCHER"]
[WhiteFideId "600270"]
[BlackFideId "615013"]
[EventDate "2015.05.30"]

1. e4 c5 2. Nf3 Nc6 3. Bb5 e5 4. O-O Bd6 5. d3 a6 6. Bc4 b5 7. Bb3 h6 8. Nc3 Rb8
9. a3 Be7 10. Bd5 Qc7 11. Ba2 d6 12. Nd5 Qd8 13. b4 Nf6 14. c3 O-O 15. Be3 Ng4
16. Bd2 Be6 17. h3 Nf6 18. Be3 Nd7 19. d4 exd4 20. cxd4 cxd4 21. Nxd4 Bxd5 22.
Bxd5 Nxd4 23. Bxd4 Bf6 24. Rc1 a5 25. Bxf6 Nxf6 26. Rc6 axb4 27. axb4 Rb6 28.
Rc3 Ra6 29. Qd3 Ra4 30. Qxb5 Nxd5 31. exd5 Qa8 32. Rfc1 Rb8 33. Qd7 Ra1 34. Qxd6
Rxc1+ 35. Rxc1 Rd8 36. Qc6 Qa3 37. b5 Rxd5 38. Qc8+ Kh7 39. Qc2+ Qd3 40. Qxd3+
Rxd3 41. Rb1 Kg6 42. b6 Rd8 43. g4 Rb8 44. b7 Kf6 45. f4 Ke6 46. Kf2 Kd7 47. f5
Kc6 48. Kg3 Rxb7 49. Rxb7 Kxb7 50. Kf4 f6 51. Ke4 Kc6 52. Kd4 Kd6 53. Ke4 1/2-1/2

[Event "TCh-FRA Top 12 2015"]
[Site "Montpellier FRA"]
[Date "2015.06.04"]
[Round "6.4"]
[Board "5"]
[White "Belkhodja, Slim"]
[Black "Sokolov, Andrei1"]
[Result "0-1"]
[WhiteTitle "GM"]
[BlackTitle "GM"]
[WhiteElo "2417"]
[BlackElo "2520"]
[WhiteTeam "METZ FISCHER"]
[BlackTeam "MULHOUSE PHILIDOR"]
[WhiteFideId "600229"]
[BlackFideId "627089"]
[EventDate "2015.05.30"]

1. e4 c5 2. Nf3 e6 3. d4 cxd4 4. Nxd4 a6 5. Nc3 Qc7 6. g3 d6 7. Bg2 Nc6 8. O-O
Bd7 9. Re1 Be7 10. Nxc6 Bxc6 11. Bf4 Nf6 12. a4 O-O 13. a5 Rfe8 14. Qd2 h6 15.
h3 b5 16. axb6 Qxb6 17. Ra3 Qc7 18. Rb3 Nd7 19. Rd1 Ne5 20. Qe2 a5 21. Nb5 Bxb5
22. Rxb5 a4 23. Ra1 Rec8 24. c3 a3 25. Rxa3 Rxa3 26. bxa3 Qxc3 27. Rb7 Bf6 28.
Ra7 Nd3 29. Be3 Bd4 30. Ra4 Nc1 31. Qf3 Bxe3 32. fxe3 Nd3 33. Qe2 Ne5 34. Ra7
Rb8 0-1